| 000 | 01920nam a2200241Ia 4500 | ||
|---|---|---|---|
| 999 |
_c34948 _d34948 |
||
| 001 | 777 | ||
| 003 | GE_BSU | ||
| 005 | 20220922113211.0 | ||
| 008 | 181216s2006||||ge |||||||||||||| ||geo|| | ||
| 020 | _a9994077767 | ||
| 040 | _cGE_BSU | ||
| 041 | _ageo | ||
| 080 | _a1'374.26:34=111=353.1+81'374.26:338.2=111=353.1 ბ–56 | ||
| 100 |
_aბერულავა, რევაზ _914537 |
||
| 245 |
_aინგლისურ-ქართული უნივერსალური იურიდიული და ბიზნესის ლექსიკონი = English-georgian universal dictionary of law and business terms = Англо-грузинский универсальный юридический и бизнесный словарь : ენციკლოპედიურ-ტერმინოლოგიური სიტყვარი (ტრანსკრიფციებით) / _c[ავტ.: რევაზ ბერულავა, თეა ბერულავა, იდელა ქვაჩახია] ; ვლადიმერ პაპავას, დავით ონოფრიშვილის და მარინა კვაჭაძის რედ. ; თსუ-ს საბუნებისმეტყველო, ტექნ. და ეკონ. მეცნ. ლექსიკოგრაფიული ცენტრი. |
||
| 264 |
_aთბილისი : _bრევაზ ბერულავას გამ-ბა "იბერთედ-პრესი", _c2006. |
||
| 300 |
_a632 გვ.; _b 21 სმ. |
||
| 653 | _aლექსიკონი | ||
| 700 |
_aბერულავა, თეა _eავტორი _914663 |
||
| 700 |
_aქვაჩახია, იდელა _eავტორი _914538 |
||
| 700 |
_aპაპავა, ვლადიმერ _eრედაქტორი _914693 |
||
| 942 |
_cBK _2udc |
||